Munteres Philosophen-Raten! - Statistiken

Allgemein
  • Dieses Quiz wurde 664 mal gespielt
  • Das Durchschnittsergebnis liegt bei 20 aus 48
Antwortstatistiken
Hint Antwort % Korrekt
Schöpfer der Ideenlehre Platon
85%
Vollzog die Kopernikanische Wende Immanuel Kant
82%
Übermensch und Antichrist Friedrich Nietzsche
81%
Alle Menschen streben von Natur aus nach Wissen Aristoteles
78%
Ich denke, also bin ich René Descartes
74%
Stellte Hegel vom Kopf auf die Füße Karl Marx
72%
"Nationalphilosoph" Chinas Konfuzius
72%
Dialektik als Prinzip der Geschichte Georg Wilhelm Friedrich Hegel
70%
Die Welt ist Wille, bekannt für sein Ego Arthur Schopenhauer
57%
Vater des Liberalismus John Locke
54%
Der Mensch ist dem Menschen ein Wolf Thomas Hobbes
53%
Politische Theoretikerin, beschrieb die "Banalität des Bösen" Hannah Arendt
52%
Zurück zur Natur! Jean-Jacques Rousseau
52%
Begründer der freien Marktwirtschaft Adam Smith
51%
Hauptvertreter des Existenzialismus, Der Ekel Jean-Paul Sartre
51%
Umstrittene Rolle im Nationalsozialismus, "Das Nichts nichtet" Martin Heidegger
49%
Prägende Gestalt der Frankfurter Schule Theodor W. Adorno
49%
Ein Hauptvertreter der Scholastik Thomas von Aquin
48%
Monaden, Rechenmaschinen und Infinitesimalrechnung Gottfried Wilhelm Leibniz
45%
Dänischer Philosoph, die Existenz besteht aus Verzweiflung Søren Kierkegaard
44%
Schottischer Philosoph, "Kein Sollen aus dem Sein" David Hume
41%
Wurde nicht als Frau geboren, sondern wurde es Simone de Beauvoir
40%
Worüber man nicht reden kann, darüber muss man schweigen Ludwig Wittgenstein
39%
Auch der längste Marsch beginnt mit dem ersten Schritt Laozi
37%
Analysierte die Rücksichtslosigkeit der Macht Niccolò Machiavelli
37%
Praktische Ethik und Befreiung der Tiere Peter Singer
37%
Amerikanischer Linguist, Kritiker von Vietnamkrieg und Kapitalismus Noam Chomsky
35%
Wasser war für ihn der Ursprung aller Dinge Thales von Milet
35%
Utopia Thomas Morus
32%
Alles fließt! Heraklit von Ephesos
31%
Der Mensch schuf Gott nach seinem Bilde Ludwig Feuerbach
31%
Begründer des kritischen Rationalismus Karl Popper
30%
Gott ist das Universum und hat keinen freien Willen Baruch de Spinoza
29%
Vater der analytischen Philosophie Bertrand Russell
29%
Das Foucaultsche Pendel Umberto Eco
28%
Das Unbehagen der Geschlechter, Ethik der Gewaltlosigkeit Judith Butler
27%
Begründer des Utilitarismus Jeremy Bentham
26%
Begründer der Phänomenologie Edmund Husserl
24%
Der Schleier des Nichtswissens John Rawls
24%
Deutscher Psychiater und Existenzphilosoph Karl Jaspers
24%
Kollektivistischer Anarchismus Michail Bakunin
23%
Begründer der Dekonstruktion Jacques Derrida
21%
"Mir geht nichts über mich" Max Stirner
19%
Aura des Kunstwerks Walter Benjamin
18%
Neuplatonistische Philosophin, wurde von Christen gelyncht Hypatia von Alexandria
16%
Der Mensch ist das Maß aller Dinge Protagoras
15%
Das Globale Dorf, das Medium ist die Botschaft Marshall McLuhan
8%
Der Mensch ist eine Maschine Julien Offray de La Mettrie
4%
Keine übereinstimmenden Quizze gefunden
Verteilung der Resultate
Anzahl Personen mit jedem Resultat
Perzentil nach korrekt beantworteten Fragen
Ihre Resultats-Entwicklung
Sie haben dieses Quiz noch nicht gespielt